000 00312nam a22001457a 4500
008 221021b ||||| |||| 00| 0 eng d
020 _a9780306459887
041 _aeng
080 _a51
082 _a51 WEA
100 _a20.1
101 _aMATE
245 _aCONQUERING CALCULUS
_cWEAVER J
942 _2udc
_cBK
999 _c58638
_d58638